000 00878nmm a2200277 a 4500
001 ocm000577113
003 TR-IsHL
005 20201028121841.0
008 131028s1990 tu tur
007 cr cn
020 _a9789755200156
035 _a577113
_b(N$T)
050 0 4 _aPT1354
_b.D46 1990
090 0 4 _aPT1354
_b.D46 1990
245 1 0 _aDenemeler seçkisi: Almanca edebiyatlardan
_h[electronic resource] /
_chaz. Gürsel Aytaç
250 _a1. bs.
260 _aAnkara :
_bGündogan Yayınları,
_c1990
300 _a142 p.
650 4 _aDil ve Edebiyat
650 4 _aLanguage and Literature
650 0 _aAlman edebiyatı
650 0 _aGerman literature
650 7 _aLITERARY CRITICISM / European / German
_2bisacsh
700 1 _aAytaç, Gürsel
856 4 0 _uhttp://search.ebscohost.com/login.aspx?direct=true&scope=site&db=e011xww&AN=577113
999 _c1550
_d1550